| 000 | 00561nam a2200205 a 4500 | ||
|---|---|---|---|
| 005 | 20221116063445.0 | ||
| 008 | 991125s1992 mx 000 0 spa u | ||
| 020 | _a9682942683 | ||
| 035 | _aUPN01000004328 | ||
| 049 | _aI | ||
| 050 | 4 |
_aPZ74.9 _bM2.2 |
|
| 100 | 1 |
_aMartínez, Enrique _936914 |
|
| 245 | 1 | 0 |
_aArcoiris de animales / _cEnrique Martínez. |
| 260 |
_aMéxico : _bCONAFE, _c1992. |
||
| 300 |
_a[30] p. : _btodas il. col |
||
| 440 | 0 | _aMira un cuento | |
| 650 | 4 |
_aCuentos infantiles _96744 |
|
| 650 | 2 |
_aLibros ilustrados _99170 |
|
| 905 | _aInfantil | ||
| 999 |
_c4328 _d4328 |
||